Score 0/12 Timer 01:30
5 Plays Today
Hint 4-Letter Word % Correct
Brain's location★ HEAD ★
95%
Miami's NBA teamHEAT
94.2%
What Michael Jackson wants you to do to 'it'BEAT
91.1%
At this placeHERE
90.6%
Eat in a restaurant★ DINE ★
89%
Most excellentBEST
87.8%
Collection of cattleHERD
87.3%
Choose for employmentHIRE
83.7%
OminousDIRE
77.8%
22 in blackjackBUST
77.6%
The target of an unkind joke★ BUTT ★
60.9%
Time or Sports Illustrated, for short★ ZINE ★
52.9%

Today's Daily Dose

Missing Word
Rihanna (A-Z)

Get the Picture
Laker Big Men

Remove Ads.
Support Sporcle.
Get the best of Sporcle when you Go Orange. This ad-free experience offers more features, more stats, and more fun while also helping to support Sporcle. Thank you for becoming a member.

You're not logged in!

Compare scores with friends on all Sporcle quizzes.
OR
Log In

Sporcle TV

Today on Sporcle TV


Watch our educational content, quiz creation guides, and fun videos on Sporcle TV.

Show Comments

Extras

Top Quizzes Today


Score Distribution

Paid Content

Your Account Isn't Verified!

In order to create a playlist on Sporcle, you need to verify the email address you used during registration. Go to your Sporcle Settings to finish the process.

Report this User

Report this user for behavior that violates our Community Guidelines.

Details: